000 00490cam a2200145 4500500
005 20250921004759.0
041 _afre
042 _adc
100 1 0 _aNivat, Georges
_eauthor
245 0 0 _aPourquoi la Russie ne peut pas commémorer 1917
260 _c2017.
500 _a33
786 0 _nLa Nouvelle Revue française | 627 | 6 | 2017-11-16 | p. 119-127 | 0029-4802
856 4 1 _uhttps://shs.cairn.info/revue-la-nouvelle-revue-francaise-2017-6-page-119?lang=fr&redirect-ssocas=7080
999 _c1508394
_d1508394